Study guide for peace and unity : (Record no. 112294)
[ view plain ]
| 000 -LEADER | |
|---|---|
| fixed length control field | 00371nam a2200109 a 4500 |
| 005 - DATE AND TIME OF LATEST TRANSACTION | |
| control field | 20140414131933.0 |
| 008 - FIXED-LENGTH DATA ELEMENTS--GENERAL INFORMATION | |
| fixed length control field | 110108s19uu xx 00 eng d |
| 050 ## - LIBRARY OF CONGRESS CALL NUMBER | |
| Classification number | REF 220.071 |
| Item number | St9 200? |
| 245 ## - TITLE STATEMENT | |
| Title | Study guide for peace and unity : |
| Remainder of title | a study guide of vital scripture topics in question and answer form. |
| 260 ## - PUBLICATION, DISTRIBUTION, ETC. (IMPRINT) | |
| Name of publisher, distributor, etc | Review and Herald Pub. Association. |
| Withdrawn status | Lost status | Damaged status | Home library | Current library | Shelving location | Date acquired | Total Checkouts | Full call number | Barcode | Date last seen | Price effective from | Koha item type |
|---|---|---|---|---|---|---|---|---|---|---|---|---|
| Munich Library | Munich Library | Reference Section | 01/08/2011 | REF 220.071 St9 200? | M3531 | 04/14/2014 | 04/14/2014 | Books |